000 00626nam a22001937a 4500
005 20251108171227.0
008 250721s1988 xx 000 0 ara d
082 1 4 _aم/216.1/قيم
100 1 _aإبن قيم الجوزيه، شمس الدين أبو عبد الله ....
245 1 0 _aأعلام الموقعين عن رب العالمين /
264 1 _aالقاهرة :
_bمكتبة إبن تيميه،
_c1988.
300 _a
650 1 7 _aالإسلام
650 1 7 _aالفقه
650 1 7 _aالفتوى
700 1 _aالوكيل، عبد الرحمن
_eتحقيق
942 _2ddc
_cREF
999 _c59853
_d59853